000 00910cam a2200325 4500
001 ABS66030
008 021018n2002 000 0 eng u
035 _a(Sirsi) u120175
245 _aFocus: M25 South West
260 _c2002
490 _aEstates Gazette
_v(0240) 5 October 2002, 85-113(14)
590 _aABS
650 _aSOUTH WEST
650 _aPROPERTY-COMMERCIAL PROPERTY-RETAIL PROPERTY-RETAIL PROPERTY MARKET
650 _aLEISURE MARKET
650 _aPROPERTY-COMMERCIAL PROPERTY-OFFICE PROPERTY-OFFICE PROPERTY MARKET
650 _aINDUSTRIAL MARKET
650 _aOCCUPIERS
650 _aSHOPPING CENTRES
650 _aRENTS
650 _aM25
650 _aSLOUGH
650 _aMAIDENHEAD
650 _aGUILDFORD
650 _aWEYBRIDGE
650 _aWOKING
650 _aSTATISTICS
690 _aPROPERTY-COMMERCIAL PROPERTY-COMMERCIAL PROPERTY MARKET
942 _n0
999 _c71389
_d71389